Online
Catalog
Normal view MARC view

Entry Nombre corporativo

Number of records used in: 15

001 - NÚMERO DE CONTROL

  • campo de control: 84760

003 - IDENTIFICADOR DEL NÚMERO DE CONTROL

  • campo de control: DO-SdBNP

005 - FECHA Y HORA DE LA ÚLTIMA TRANSACCIÓN

  • campo de control: 20240105073419.0

008 - DATOS DE LONGITUD FIJA

  • campo de control de longitud fija: 240105|| aca||aabn | a|a d

040 ## - FUENTE DE LA CATALOGACIÓN

  • Centro catalogador/agencia de origen: DO-SdBNP
  • Centro/agencia transcriptor: DO-SdBNP

110 ## - ENCABEZAMIENTO-NOMBRE DE ENTIDAD CORPORATIVA

  • Nombre de entidad corporativa o nombre de jurisdicción como elemento de entrada: Universidad Autónoma de Santo Domingo (UASD)

670 ## - FUENTE DE DATOS ENCONTRADOS

  • Cita de la fuente: Work cat.: (DO-SdBNP)6641: Grullón Torres, Pedro B. 19036, Referencias lingüísticas :

Powered by Koha